La Filosofía política de Karl Popper /
Сохранить в:
| Главный автор: | |
|---|---|
| Формат: | Текст |
| Предметы: | |
| Метки: |
Добавить метку
Нет меток, Требуется 1-ая метка записи!
|
MARC
| LEADER | 00000 a a2200000 04500 | ||
|---|---|---|---|
| 001 | 7731 | ||
| 003 | |||
| 040 | |||
| 100 | |a Suárez - Iñiguez, Enrique | ||
| 245 | |a La Filosofía política de Karl Popper / |c Enrique Suárez - Iñiguez | ||
| 650 | |a FILOSOFIA | ||
| 650 | |a TEORIA POLITICA | ||
| 650 | |a SISTEMAS POLITICOS | ||
| 773 | |g número 5; páginas 7-24 | ||
| 999 | |c 37665 |d 37665 | ||
